Kế toán và phân tích chi phí giá thành trong doanh nghiệp
Zapisane w:
| 1. autor: | |
|---|---|
| Format: | Książka |
| Język: | Undetermined |
| Wydane: |
2006
|
| Hasła przedmiotowe: | |
| Etykiety: |
Dodaj etykietę
Nie ma etykietki, Dołącz pierwszą etykiete!
|
| Thư viện lưu trữ: | Trung tâm Học liệu Trường Đại học Cần Thơ |
|---|
| LEADER | 00503nam a2200157Ia 4500 | ||
|---|---|---|---|
| 001 | CTU_104896 | ||
| 008 | 210402s9999 xx 000 0 und d | ||
| 020 | |c 50000 | ||
| 082 | |a 658.1552 | ||
| 082 | |b Đ450 | ||
| 100 | |a Nguyễn, Đình Đỗ | ||
| 245 | 0 | |a Kế toán và phân tích chi phí giá thành trong doanh nghiệp | |
| 245 | 0 | |c Nguyễn Đình Đỗ | |
| 260 | |c 2006 | ||
| 650 | |a Accounting,Banks and banking | ||
| 980 | |a Trung tâm Học liệu Trường Đại học Cần Thơ | ||